000 00453nam a22001457a 4500
020 _a978-93-5543-152-3
082 _a894.812
_bHAW/K
100 _aHAWKING, STEPHEN W: LEONARD MLODINOW[FRANCIS C ABRAHAM(TRA)]
245 _aKALATHINTE ORU HRASWATHARA CHARITHRAM
246 _aKALATHINTE ORU HRASWATHARA CHARITHRAM
_bKALATHINTE ORU HRASWATHARA CHARITHRAM
260 _aINDIA
_bMANJUL
_c2022
300 _a165
650 _aMALAYALAM REFERENCE
942 _cBK
999 _c8762
_d8762